Music Quiz

Random Music or Rock Quiz

Rock & Roll Hall of Fame Quiz Stats

 Plays Quiz Updated Jan 2, 2019

Challenge
Share
Tweet
Embed
Score 0/227 Timer 20:00
41 Plays Today
Year Performer % Correct
1988The Beatles
92%
2019Janet Jackson
88.5%
1989The Rolling Stones
87.1%
1986Elvis Presley
84.9%
1994Elton John
82%
2014Nirvana
81.1%
2001Michael Jackson
80.7%
1994John Lennon
79.7%
1995Led Zeppelin
79.3%
1999Paul McCartney
79.1%
1990The Who
79.1%
1992The Jimi Hendrix Experience
76.3%
2000Eric Clapton
75.5%
2004George Harrison
74.8%
1986Chuck Berry
74.7%
1988Bob Dylan
74.5%
2013Albert King
73.6%
2014KISS
73.2%
2001Aerosmith
73%
1986Buddy Holly
72.4%
1999Bruce Springsteen
72.1%
1988The Beach Boys
71.3%
1993The Doors
71.3%
2005U2
71.2%
1993Cream
71.2%
2018Bon Jovi
71.1%
1987Aretha Franklin
71.1%
2012Guns N' Roses
71.1%
1986James Brown
71%
2008Madonna
71%
2003AC/DC
70.9%
2017Pearl Jam
70%
2017Journey
69.5%
2012The Crickets
69.4%
1996Pink Floyd
69.3%
1987B. B. King
69.1%
1995Neil Young
68.8%
2017Yes
68.7%
2001Queen
68.4%
2009Metallica
68.3%
1998Eagles
68.2%
1993Ruth Brown
68.2%
2016Deep Purple
68%
2006Black Sabbath
67.9%
2019Stevie Nicks
67.7%
2013Rush
67.4%
1995Janis Joplin
67.3%
2016Chicago
66.9%
1992Johnny Cash
66.8%
1997The Jackson 5
66.7%
2019Def Leppard
66.7%
2015Green Day
66.6%
1988The Supremes
66.6%
2016N.W.A.
66.3%
1986Ray Charles
66.3%
2003The Clash
66.2%
2001Paul Simon
65.8%
1986Little Richard
65.7%
2018The Cars
65.6%
1989The Temptations
65.2%
2012The Famous Flames
65.1%
1999Billy Joel
65.1%
2013Heart
64.7%
1989Stevie Wonder
64.5%
1986Jerry Lee Lewis
64.4%
1990The Kinks
64.3%
2006Sex Pistols
64.2%
2007Van Halen
64.2%
1997Crosby, Stills & Nash
63.6%
2012Red Hot Chili Peppers
63.4%
1996David Bowie
63.3%
1987Marvin Gaye
63.3%
2004Prince
63.2%
2002Ramones
63.1%
2003The Police
62.7%
2012Beastie Boys
62.5%
Year Performer % Correct
2019Radiohead
62.4%
2019The Cure
62.3%
1998Fleetwood Mac
62.3%
2018Dire Straits
62.3%
2007Patti Smith
62%
1993Creedence Clearwater Revival
61.7%
2016Steve Miller
61.7%
1995Al Green
61.6%
2002Tom Petty & The Heartbreakers
61.6%
1992The Yardbirds
61.5%
2015Joan Jett and the Blackhearts
61.5%
2015Lou Reed
61.1%
1990Simon & Garfunkel
61%
1993Etta James
61%
2019The Zombies
60.8%
1990The Four Tops
60.3%
2014Peter Gabriel
60.2%
2017Electric Light Orchestra
60%
2018The Moody Blues
60%
2017Joan Baez
59.5%
1991Ike & Tina Turner
59.3%
1991The Byrds
59.3%
2014Daryl Hall and John Oates
59.3%
2012The Comets
59%
1994Grateful Dead
58.6%
2013Donna Summer
58.6%
1995The Allman Brothers Band
58.3%
1987Roy Orbison
58.3%
2016Cheap Trick
57.8%
2013Public Enemy
57.6%
1986Fats Domino
57.5%
2004ZZ Top
57.4%
2006Lynyrd Skynyrd
57%
2017Tupac Shakur
56.8%
1996Jefferson Airplane
56.8%
1989Otis Redding
56.8%
2007R.E.M.
56.8%
1986Sam Cooke
56.7%
2014Linda Ronstadt
56.4%
1986The Everly Brothers
56.4%
1997Bee Gees
56.4%
2006Blondie
56.2%
1987Smokey Robinson
56.1%
1994Rod Stewart
55.8%
1994The Band
55.7%
1994Bob Marley
55.5%
2009Run D.M.C.
55.4%
1993Van Morrison
55.4%
1994The Animals
55.3%
1990The Four Seasons
55.2%
2012Faces / Small Faces
55.2%
1987Muddy Waters
54.8%
2014Cat Stevens
54.7%
1998Santana
53.8%
2000James Taylor
53.8%
1998The Mamas & the Papas
53.5%
2012The Miracles
53.2%
1987Bill Haley
53.2%
2018Nina Simone
53%
1987Jackie Wilson
53%
1997Buffalo Springfield
53%
1987Ricky Nelson
52.9%
2019Roxy Music
52.9%
1996The Velvet Underground
52.6%
2003Elvis Costello & the Attractions
52.2%
1997Joni Mitchell
51.9%
2001Ritchie Valens
51.8%
1999Dusty Springfield
51.5%
2012Donovan
51.1%
1989Dion
50.8%
2006Miles Davis
50.5%
1987Bo Diddley
50.3%
2010Genesis
50.1%
2015Stevie Ray Vaughan and Double Trouble
49.9%
2002Talking Heads
49.7%
2010ABBA
49.6%
Year Performer % Correct
2004Jackson Browne
49.6%
2000Earth, Wind & Fire
49.2%
1987Big Joe Turner
49.1%
1995Frank Zappa
49.1%
2005The Pretenders
49%
1987Carl Perkins
47.9%
1993Sly & The Family Stone
47.7%
2003The Righteous Brothers
47.3%
2013Randy Newman
47.1%
2008John Mellencamp
47.1%
2009Jeff Beck
47.1%
1996Gladys Knight & the Pips
46.9%
2004Bob Seger
46.8%
1988The Drifters
46.6%
1992The Isley Brothers
46.5%
2015Bill Withers
46.1%
2007Grandmaster Flash and The Furious Five
45.9%
1995Martha and the Vandellas
45.8%
1991Jimmy Reed
45.7%
2008The Dave Clark Five
45.6%
1990The Platters
45.4%
1987The Coasters
45.4%
1987Eddie Cochran
45.1%
2007The Ronettes
44.8%
2012The Blue Caps
44.3%
2001Steely Dan
43.8%
2012Laura Nyro
43.4%
2012The Midnighters
43.2%
2002Brenda Lee
43.1%
1991Wilson Pickett
43%
1997Parliament/Funkadelic
42.8%
2000Bonnie Raitt
42.7%
1990Bobby Darin
42.7%
2010The Hollies
42.5%
2005The O'Jays
42%
1996The Shirelles
41.9%
2004Traffic
41.9%
1991John Lee Hooker
41.5%
2010The Stooges
41.3%
1992Sam & Dave
41.3%
2002Isaac Hayes
41%
2005Buddy Guy
40.9%
2015Paul Butterfield Blues Band
40.4%
2008Leonard Cohen
40.4%
2000The Lovin' Spoonful
39.9%
2011Alice Cooper Band
39.7%
1999Curtis Mayfield
39.3%
1992Booker T. & the M.G.s
39.2%
2011Neil Diamond
39.2%
1987Clyde McPhatter
38.4%
1991The Impressions
37.3%
1998Gene Vincent
37.1%
1997The Rascals
36.6%
1993Frankie Lymon & The Teenagers
36.5%
2005Percy Sledge
36.4%
1999Del Shannon
36.2%
1991LaVern Baker
36.2%
2001The Flamingos
35.7%
1994Duane Eddy
35.5%
2009Little Anthony & the Imperials
35%
1990Hank Ballard
34.9%
2008The Ventures
34.9%
2004The Dells
34%
1992Bobby 'Blue' Bland
33.5%
2011Darlene Love
33.4%
1999The Staple Singers
33.2%
2000The Moonglows
32.9%
2002Gene Pitney
32.7%
1996Little Willie John
32.5%
2001Solomon Burke
31.9%
2010Jimmy Cliff
31.7%
1998Lloyd Price
31.4%
2009Bobby Womack
31.3%
2011Tom Waits
31%
2011Dr. John
30.9%

You're not logged in!

Compare scores with friends on all Sporcle quizzes.
OR
Log In

You Might Also Like...

Show Comments

Extras

Top Quizzes Today


Score Distribution

Your Account Isn't Verified!

In order to create a playlist on Sporcle, you need to verify the email address you used during registration. Go to your Sporcle Settings to finish the process.

Report this User

Report this user for behavior that violates our Community Guidelines.

Details: